| 000 | 00335nam a2200133Ia 4500 | ||
|---|---|---|---|
| 008 | 210210b1909 xxu||||| |||| 00| 0 eng d | ||
| 082 | _a110/81 | ||
| 100 | _aMULLER (Max F). | ||
| 245 | _aComparative mythology. | ||
| 260 |
_aLondon _bGeorge Routledge and Sons Limited _c1909 |
||
| 300 | _a184 | ||
| 690 | _aPhilosophy | ||
| 906 | _a000875 | ||
| 999 |
_c77390 _d77390 |
||